01730cam a2200469Ma 4500001000700000003000600007005001700013008004100030010001700071020001500088020001800103020002200121020002500143029002200168035002400190035003900214040005100253049000900304082001300313090002200326100002600348245012300374250001300497260006100510300002400571336002600595337002800621338002700649490003700676504005100713520005000764630004300814630004200857650002100899650004700920650006600967700002601033710005101059942001601110999001301126952012101139453588GBCCL20241126110350.0890428s1979 cau b u001 0 eng d a 78075041  a0918956579 a9780918956576 a0918956463 (pbk.) a9780918956460 (pbk.)0 aAU@b000023873695 a(OCoLC)ocn223339684 a(OCoLC)223339684z(OCoLC)731269520 aAU@bengcAU@dTXBXLdOCLCQdOCLCFdOCLCOdLBB aLBBA00a239bMCD aBT 1102b.M3 1979 a McDowell, Josh9122500aEvidence that demands a verdict :bhistorical evidences for the Christian faith.nVol. 1 /ccompiled by Josh McDowell. aRev. ed. aSan Bernardino, Calif. :bHere's Life Publishers,c1979. a387 pages ;c21 cm. atextbtxt2rdacontent aunmediatedbn2rdamedia avolumebnc2rdacarrier0 aA Campus Crusade for Christ book aIncludes bibliographical references and index. aHistorical evidences for the Christian faith.00aBiblexEvidences, authority, etc.935107aBible.2fast0(OCoLC)fst013560249599 0aApologetics.985 7aApologetics.2fast0(OCoLC)fst00811449985 7aAuthorityxReligious aspects.2fast0(OCoLC)fst00821658915971 aMcDowell, Josh.912252 aCampus Crusade for Christ International.91598 2ddccBK015 c968d968 00102ddc4070aGBCbGBCcTHd2017-03-31l19o239 MCDp000998r2025-05-01 00:00:00s2022-07-29tc.1w2017-03-31yBK